000 01041nam a2200277 a 4500
005 20231124063623.0
008 170614s2010 mx r 000 0 spa d
020 _a9786070214417 (UNAM
020 _a9786077588306 (Bonilla Artigas)
035 _aUPN01000218722
049 _aCG
050 4 _aBX1428.2
_bM4.7
100 1 _aMenegus, Margarita
_940521
245 1 3 _aLa secularización de las doctrinas de indios en la Nueva España :
_bla pugna entre las dos iglesias /
_cMargarita Menegus, Francisco Morales, Oscar Mazín.
260 _aMéxico :
_bBonilla Artigas :
_bUNAM,
_c2010.
300 _a211 p.
440 0 _aHistoria de la educación IISUE
610 2 4 _aIGLESIA CATOLICA -
_zMEXICO -
_xHISTORIA -
_ySIGLO XVI
_925927
650 4 _aIndígenas de México
_xReligión y mitología
_95903
610 2 4 _aIGLESIA CATOLICA -
_xMISIONES -
_zMEXICO
_96089
650 4 _aSECULARISMO -
_zMEXICO -
_xHISTORIA
_921289
700 1 _aMorales, Francisco,
_ecoaut.
700 1 _aMazín, Oscar,
_ecoaut.
905 _aLibro
999 _c190822
_d190822